|
|
|
|
| LEADER |
00000ny a22000003n 4500 |
| 005 |
20110627143525.0 |
| 006 |
m u |
| 007 |
cr cn||||||||| |
| 008 |
200508r2003 sp |||||s|||||||||||spa d |
| 020 |
|
|
|a 9788497722407
|
| 035 |
|
|
|a 598
|
| 040 |
|
|
|a FlNmELB
|c FlNmELB
|d vLex
|
| 050 |
1 |
4 |
|a DP222
|b P293 2003eb
|
| 080 |
|
|
|a 342.531
|
| 090 |
|
|
|c 1135
|d 1135
|
| 100 |
1 |
|
|a Pastor Parres, Ascension
|
| 245 |
1 |
3 |
|a El senado en la constitucion de 1869
|h [Recurso electrn̤ico]
|c Ascension Pastor Parres
|
| 256 |
|
|
|a Servicio en ln̕ea
|
| 260 |
|
|
|a Madrid :
|b Dykinson,
|c 2003
|
| 300 |
|
|
|a [3]-189 p
|
| 506 |
1 |
|
|a Contenido solo disponible en los productos indicados
|d vLex Global
|d vLex Global (Academic Edition, excluding Law Schools)
|d vLex Global (U.S. Academic Edition, Law Schools)
|d vLex Global (U.S. Academic Edition, excluding Law Schools)
|d vLex Global (Academic Edition, Law Schools)
|
| 650 |
0 |
7 |
|a Constitucional
|2 Tesauro vLex
|
| 650 |
0 |
7 |
|a Senado
|2 Tesauro vLex
|
| 650 |
0 |
7 |
|a Senadores
|2 Tesauro vLex
|
| 740 |
0 |
|
|a vLex Libros (Servicios en ln̕ea)
|
| 856 |
4 |
0 |
|u http://vlex.com/source/598
|z Acceso restringido
|
| 942 |
|
|
|c BOOK
|